Zwierzęta na zdjęciu #5 - Statystyki

Ogólne statystyki
  • Ten quiz został rozwiązany 133 razy
  • Średni wynik to 7 z 8
Statystyki odpowiedzi
Obrazkowy Odpowiedź % Poprawnych
Pingwin królewski
99%
Kangur olbrzymi
95%
Niedźwiedź {brunatny}
95%
Żubr europejski
95%
Wiewiórka pospolita
93%
Emu zwyczajne
92%
Borsuk europejski
91%
Szympans zwyczajny
87%
Nie znaleziono quizów pasujących do podanych kryteriów
Rozkład punktacji
Procent ludzi z każdym wynikiem
Percentyl według liczby udzielonych odpowiedzi
Twoja historia wyników
Nie rozwiązałeś tego quizu